| 000 | 00963nam a22002297i 4500 | ||
|---|---|---|---|
| 999 |
_c23013 _d23013 |
||
| 003 | AR-CdUCM | ||
| 008 | 240827b20222022 sp||||| |||| 00| 0 spa d | ||
| 020 | _a978-84-949493-2-6 | ||
| 040 |
_aMUNICIPALIDAD PROVINCIAL DEL CUSCO _cBIBLIOTECA MUNICIPAL DEL CUSCO |
||
| 082 |
_a158 / H22C _bH22C |
||
| 100 |
_aHarvard Business Review _950273 |
||
| 245 |
_aCómo tratar con gente difícil : _bInteligencia Emocional / |
||
| 260 |
_aEspaña : _bReverté Management, _c2022 |
||
| 300 |
_a117 páginas. : _c18 cm. |
||
| 505 | _aQuitar tensión a las conversaciones tensas -- El secreto de tratar con personas difíciles: tú eres el protagonista -- Que hacer cuando un compañero te trata mal -- Cómo trabajar con alguien que siempre está estresado -- ¿Odias a tu jefe? | ||
| 650 |
_aInteligencia Emocional _950275 |
||
| 650 |
_aLiderazgo _93124 |
||
| 650 |
_aCoaching _950238 |
||
| 650 |
_aMindfulness _950274 |
||
| 942 |
_2ddc _cLIBROS |
||
| 945 |
_apbj _d2024-08-27 |
||